000 00509nam a2200169Ia 4500
001 25154
005 20260414151131.0
008 260414t2014||||xx |||||||||||||| ||spa||
041 _aESP
082 _a346.24
_bU831
100 _aUgarte Mostajo, Daniel L.
_eAUT
245 0 _aLa garantía institucional del matrimonio en la constitución de 1993 :
_bla heterosexualidad como rasgo esencial de la institución matrimonial
260 _c2014
650 _aDER
654 _aCDE
942 _cLIB
_dJUS
_fJUS
_2ddc
_n
999 _c25154
_d25154